ბათუმის შოთა რუსთაველის სახელმწიფო უნივერსიტეტის ბიბლიოთეკა

თბოაირმომარაგება და ვენტილაცია : (ბიბ.ჩანაწერი № 39596)

000 -ლიდერი
ფიქსირებული სიგრძის საკონტროლო ველი 01187nam a2200241Ia 4500
001 - საკონტროლო ნომერი
საკონტროლო ველი 6196
003 - საკონტროლო ნომრის იდენტიფიკატორი
საკონტროლო ველი GE_BSU
005 - ბოლო ოპერაციის თარიღი და დრო
საკონტროლო ველი 20190520144243.0
008 - ფიქსირებული სიგრძის მონაცემთა ელემენტები - ზოგადი ინფორმაცია
ფიქსირებული სიგრძის საკონტროლო ველი 181216s1977||||ge |||||||||||||| ||geo||
040 ## - კატალოგიზაციის წყარო
Transcribing agency GE_BSU
041 ## - ენის კოდი
Language code of text/sound track or separate title geo
080 ## - უნივერსალური ათობითი კლასიფიკაციის ინდექსი
Universal Decimal Classification number 697.1/8(075.8) + 697.9 დ-23
100 ## - მთავარი ჩანაწერი - პიროვნების სახელი
Personal name დარჩია, გ.
9 (RLIN) 667
245 ## - ცნობა სათაურის შესახებ
Title თბოაირმომარაგება და ვენტილაცია :
Remainder of title სახელმძღვ. /
Statement of responsibility, etc გ. დარჩია, გ. რატიანი, გ. ჩიხლაძე ; რედ. ი. გოგუაძე.
250 ## - გამოცემის ცნობა
Edition statement მეორე შევსებ. და გადამუშ. გამოც.
264 ## - წარმოების, გამოცემის, დისტრიბუციის და სხვა ცნობები
გამოცემის, წარმოების, დისტრიბუციის... ადგილი თბილისი :
გამოცემის, წარმოების, დისტრიბუციის... სახელწოდება განათლება,
გამოცემის, წარმოების, დისტრიბუციის... თარიღი 1977.
300 ## - ფიზიკური აღწერა
Extent 424 გვ. :
Other physical details ილ. ;
Dimensions 22 სმ.
Accompanying material დანართები : გვ.403.
653 ## - INDEX TERM--UNCONTROLLED
Uncontrolled term თბოაირმომარაგება და ვენტილაცია
700 ## - ADDED ENTRY--PERSONAL NAME
Personal name რატიანი, გ.
Relator term ავტორი
9 (RLIN) 1384
700 ## - ADDED ENTRY--PERSONAL NAME
Personal name ჩიხლაძე, გ.
Relator term ავტორი
9 (RLIN) 1385
700 ## - ADDED ENTRY--PERSONAL NAME
Personal name გოგუაძე, ი.
Relator term რედაქტორი
9 (RLIN) 1386
942 ## - ADDED ENTRY ELEMENTS (KOHA)
Koha item type წიგნი
Source of classification or shelving scheme
ეგზემპლარები
ჩამოწერის სტატუსი დაკარგული ეგზემპლარის სტატუსი კლასიფიკაციის წყარო ან თაროზე გაწყობის სქემა დაზიანების სტატუსი არ გაიცემა მუდმივი მდებარეობა (დაცვის ადგილი) ამჟამინდელი ადგილსამყოფელი თაროზე განთავსების ადგილი შეძენის თარიღი ღირებულება, შესყიდვის ნორმალური ფასი სრული შენახვის შიფრი შტრიხკოდი ბოლო ოპერაციის თარიღი ეგზემპლარის მიმდევრობითი ნომერი (კეტერი?) ფასის ძალაში შესვლის თარიღი ეგზემპლარის სახეობა საჯარო შენიშვნა
          ტექნოლოგიური ფაკულტეტის ბიბლიოთეკა ტექნოლოგიური ფაკულტეტის ბიბლიოთეკა წიგნსაცავი 2018-12-17 2.38 697.1/8(075.8) + 697.9 დ-23 11914 2018-12-17 11914 2018-12-17 წიგნი 2.38 ლ.
          ტექნოლოგიური ფაკულტეტის ბიბლიოთეკა ტექნოლოგიური ფაკულტეტის ბიბლიოთეკა წიგნსაცავი 2018-12-17 2.38 697.1/8(075.8) + 697.9 დ-23 11915 2018-12-17 11915 2018-12-17 წიგნი 2.38 ლ.
          ტექნოლოგიური ფაკულტეტის ბიბლიოთეკა ტექნოლოგიური ფაკულტეტის ბიბლიოთეკა წიგნსაცავი 2018-12-17 2.38 697.1/8(075.8) + 697.9 დ-23 11916 2018-12-17 11916 2018-12-17 წიგნი 2.38 ლ.
          ტექნოლოგიური ფაკულტეტის ბიბლიოთეკა ტექნოლოგიური ფაკულტეტის ბიბლიოთეკა წიგნსაცავი 2018-12-17 2.38 697.1/8(075.8) + 697.9 დ-23 11917 2018-12-17 11917 2018-12-17 წიგნი 2.38 ლ.